[Event "XXXIV Festival Magistrale"]
[Site "Imperia ITA"]
[Date "1992.08.31"]
[Round "3"]
[White "Cirabisi, Federico"]
[Black "Cugini, Verter"]
[WhiteElo "2059"]
[BlackElo "2290"]
[Result "1-0"]
[PlyCount "29"]
[EventDate "1992.08.29"]

1. e4 e6 2. Nf3 d5 3. e5 c5 4. b4 cxb4 5. a3 bxa3 6. Nxa3 Ne7 7. Nb5 Nec6 8. c3
Be7 9. Bd3 Nd7 10. Qe2 O-O 11. h4 f6 12. Bxh7+ Kxh7 13. Ng5+ fxg5 14. hxg5+ Kg8
15. Rh8+ 1-0

[Event "XXXIV Festival Magistrale"]
[Site "Imperia ITA"]
[Date "1992.08.31"]
[Round "3"]
[White "Leoncini, Mario"]
[Black "De Santis, Tullio"]
[WhiteElo "2098"]
[BlackElo "1956"]
[Result "1-0"]
[PlyCount "71"]
[EventDate "1992.08.29"]

1. e4 e6 2. d4 d5 3. Nc3 Bb4 4. e5 c5 5. a3 Bxc3+ 6. bxc3 Ne7 7. Qg4 Qc7 8.
Qxg7 Rg8 9. Qxh7 cxd4 10. Ne2 Nbc6 11. f4 dxc3 12. Qd3 Bd7 13. Nxc3 a6 14. h4
Nf5 15. Rh3 Na5 16. Rb1 Rc8 17. h5 b5 18. Rb2 Nc4 19. Rb3 Qc5 20. h6 Qf8 21. h7
Rh8 22. g4 Nh6 23. g5 Nf5 24. a4 b4 25. Nxd5 exd5 26. Qxd5 Be6 27. Qb7 Nd4 28.
Rh6 Nxc2+ 29. Kd1 Bg4+ 30. Be2 Bxe2+ 31. Kxe2 Qc5 32. g6 Nd4+ 33. Ke1 fxg6 34.
Rxg6 Nc2+ 35. Ke2 Nd4+ 36. Kf1 1-0

[Event "XXXIV Festival Magistrale"]
[Site "Imperia ITA"]
[Date "1992.09.02"]
[Round "5"]
[White "Arlandi, Ennio"]
[Black "Kosten, Anthony C."]
[WhiteElo "2435"]
[BlackElo "2515"]
[Result "1-0"]
[PlyCount "89"]
[EventDate "1992.08.29"]

1. d4 Nf6 2. c4 e6 3. Nc3 Bb4 4. Qc2 O-O 5. a3 Bxc3+ 6. Qxc3 d6 7. g3 e5 8.
dxe5 dxe5 9. Bg2 Re8 10. Nf3 e4 11. Nd4 c5 12. Nc2 Bg4 13. h3 Bh5 14. b4 Nbd7
15. g4 Bg6 16. Bb2 Ne5 17. Ne3 Rc8 18. b5 Rc7 19. Rd1 Rd7 20. O-O h5 21. g5 Nh7
22. Rxd7 Qxd7 23. Rd1 Qc7 24. Rd5 f6 25. gxf6 gxf6 26. Qd2 Nf8 27. Rd6 Qf7 28.
Nd5 Re6 29. Bxe5 fxe5 30. Rd8 Kg7 31. Qe3 Bf5 32. Qxc5 b6 33. Qe3 Rg6 34. Qc3
Nd7 35. Kf1 Kh7 36. Ne3 Qe7 37. Ra8 Qg5 38. Ke1 Rd6 39. Rxa7 Bg6 40. c5 bxc5
41. Qxc5 Qe7 42. Qc8 Rd4 43. h4 Qe6 44. Kf1 Bf7 45. Kg1 1-0

[Event "XXXIV Festival Magistrale"]
[Site "Imperia ITA"]
[Date "1992.08.??"]
[Round "5"]
[White "Luciani, Carlo"]
[Black "Bresciani, Nicola"]
[WhiteElo "2275"]
[BlackElo "2175"]
[Result "1-0"]
[PlyCount "69"]
[EventDate "1992.08.29"]

1. e4 c5 2. Nf3 d6 3. d4 cxd4 4. Nxd4 Nf6 5. Nc3 a6 6. Be2 e5 7. Nb3 Be7 8. g4
h6 9. Be3 Be6 10. Rg1 Nbd7 11. h4 Nh7 12. Qd2 Bxh4 13. Qxd6 Be7 14. Qd2 Qc7 15.
Nd5 Bxd5 16. exd5 O-O-O 17. c4 Nc5 18. Nxc5 Bxc5 19. O-O-O Nf6 20. Kb1 Ne4 21.
Qd3 Nd6 22. a3 a5 23. b4 Bxe3 24. Qxe3 axb4 25. c5 Ne8 26. axb4 Nf6 27. Qb3 Kb8
28. Bb5 Qc8 29. d6 Rhf8 30. Kb2 Ne4 31. Qa3 Qe6 32. Ra1 Nxd6 33. Qa8+ Kc7 34.
cxd6+ Kxd6 35. Qxb7 1-0

[Event "XXXIV Festival Magistrale"]
[Site "Imperia ITA"]
[Date "1992.09.03"]
[Round "6"]
[White "Mambrini, Augusto"]
[Black "Leoncini, Mario"]
[WhiteElo "2009"]
[BlackElo "2098"]
[Result "0-1"]
[PlyCount "74"]
[EventDate "1992.08.29"]

1. d4 d5 2. c4 e6 3. Nc3 Nf6 4. Bg5 Be7 5. cxd5 exd5 6. Qc2 g6 7. e3 Bf5 8. Bd3
Bxd3 9. Qxd3 Nbd7 10. Nf3 O-O 11. O-O c6 12. Rab1 a5 13. a3 a4 14. Qc2 b5 15.
Bxf6 Bxf6 16. Na2 Rc8 17. Nb4 Nb6 18. b3 axb3 19. Qxb3 Qd6 20. Rfc1 Rc7 21. Na6
Ra7 22. Qb4 Rd8 23. Nc5 Rda8 24. Ne4 Qe6 25. Nc5 Qe8 26. Ra1 Be7 27. Ne5 f6 28.
Ned3 Nc4 29. Rxc4 bxc4 30. Nf4 Rb8 31. Qc3 Bxc5 32. dxc5 Qe5 33. Qc1 Rab7 34.
f3 Qxa1 35. Qxa1 Rb1+ 36. Qxb1 Rxb1+ 37. Kf2 c3 0-1

[Event "XXXIV Festival Magistrale"]
[Site "Imperia ITA"]
[Date "1992.08.??"]
[Round "8"]
[White "Legky, Nikolay A."]
[Black "Tiviakov, Sergei"]
[WhiteElo "2480"]
[BlackElo "2585"]
[Result "0-1"]
[PlyCount "78"]
[EventDate "1992.08.29"]

1. d4 Nf6 2. c4 e6 3. Nf3 b6 4. a3 Ba6 5. e3 d5 6. Nbd2 Be7 7. Bd3 O-O 8. O-O
c5 9. dxc5 bxc5 10. Qc2 Nbd7 11. e4 dxe4 12. Nxe4 Qc7 13. Re1 h6 14. Bd2 Rab8
15. Bc3 Nxe4 16. Rxe4 Bb7 17. Re3 Bxf3 18. Rxf3 Bf6 19. Re1 Rfd8 20. b3 Bxc3
21. Qxc3 Nf6 22. Bf1 Rd4 23. h3 Ne4 24. Qc2 Nd6 25. Qe2 Nf5 26. Qe5 Rd6 27. Rd1
f6 28. Qa1 Nd4 29. Rg3 Nxb3 30. Qb1 Nd4 31. Qe4 Qb7 32. Qf4 e5 33. Qc1 f5 34.
Re1 Re6 35. Qd1 e4 36. Qh5 Qf7 37. Qd1 f4 38. Rc3 Rbe8 39. Qa4 e3 0-1

[Event "XXXIV Festival Magistrale"]
[Site "Imperia ITA"]
[Date "1992.09.05"]
[Round "8"]
[White "Leoncini, Mario"]
[Black "Verrascina, Roberto"]
[WhiteElo "2098"]
[BlackElo "2260"]
[Result "1-0"]
[PlyCount "63"]
[EventDate "1992.08.29"]

1. e4 Nf6 2. e5 Nd5 3. d4 d6 4. Nf3 Nc6 5. c4 Nb6 6. e6 fxe6 7. Ng5 e5 8. d5
Nd4 9. Bd3 Bf5 10. Bxf5 Nxf5 11. Be3 e6 12. Qf3 Qf6 13. Nxe6 Kd7 14. Nd2 Nxe3
15. Qxe3 g6 16. a4 h5 17. Qb3 Bh6 18. Nf3 Ke7 19. a5 Nd7 20. Qxb7 Rhb8 21. Qc6
e4 22. Nfd4 Bd2+ 23. Ke2 Bc3 24. Nb5 e3 25. fxe3 Qf5 26. bxc3 Qc2+ 27. Ke1 Qd3
28. Rf1 a6 29. Rf7+ Kxf7 30. Qxd7+ Kf6 31. Qg7+ Kf5 32. Qf7+ 1-0

[Event "XXXIV Festival Magistrale"]
[Site "Imperia ITA"]
[Date "1992.09.05"]
[Round "8"]
[White "Satta, Vladimiro"]
[Black "Forintos, Gyozo Victor"]
[WhiteElo "2223"]
[BlackElo "2465"]
[Result "0-1"]
[PlyCount "56"]
[EventDate "1992.08.29"]

1. e4 c5 2. c3 d5 3. exd5 Qxd5 4. d4 Nf6 5. dxc5 Qxc5 6. Nf3 e5 7. Na3 Nbd7 8.
Be3 Qc7 9. Nb5 Qb8 10. Qb3 Nc5 11. Bxc5 Bxc5 12. Ng5 O-O 13. Nxf7 g6 14. Nxe5+
Kg7 15. Nd3 Bg4 16. f3 Be6 17. Qxe6 Re8 18. Nxc5 Qc8 19. Nd4 Rxe6+ 20. Ncxe6+
Kh8 21. Be2 b5 22. O-O Rb8 23. a3 Rb6 24. Nf4 Qe8 25. Kh1 Qe3 26. Nd3 g5 27.
Rfe1 Nh5 28. Bf1 Ng3+ 0-1

[Event "XXXIV Festival Magistrale"]
[Site "Imperia ITA"]
[Date "1992.09.06"]
[Round "9"]
[White "Caposciutti, Maurizio"]
[Black "Leoncini, Mario"]
[WhiteElo "2305"]
[BlackElo "2098"]
[Result "1-0"]
[PlyCount "75"]
[EventDate "1992.08.29"]

1. e4 c5 2. Nf3 Nc6 3. Nc3 Nf6 4. e5 Ng4 5. Qe2 Qc7 6. Nd5 Qb8 7. d4 cxd4 8.
Bf4 e6 9. h3 Nb4 10. Nxb4 Bxb4+ 11. Bd2 Bxd2+ 12. Kxd2 Nh6 13. Nxd4 d6 14. f4
O-O 15. Rd1 dxe5 16. fxe5 b6 17. Kc1 Bb7 18. Qe3 Rd8 19. Bd3 Qc7 20. Nb5 Qc5
21. Qxc5 bxc5 22. Rhg1 Nf5 23. Bxf5 exf5 24. Nd6 Bc6 25. g3 g6 26. Rd3 Be4 27.
Rc3 f6 28. Rxc5 fxe5 29. Nxe4 fxe4 30. Rxe5 Re8 31. Rxe8+ Rxe8 32. Kd2 Kf7 33.
Ke3 Kf6 34. Rd1 h5 35. c4 a5 36. b3 a4 37. b4 a3 38. c5 1-0